[Event "Biel ATO 57th"]
[Site "Biel"]
[Date "2024.07.25"]
[Round "9"]
[White "Ehrsam, Andreas"]
[Black "Christoffersen, Odd"]
[Result "1/2-1/2"]
[WhiteElo "1793"]
[BlackElo "1638"]
[PlyCount "52"]
[EventDate "2024.07.16"]
[EventType "swiss"]
[EventRounds "9"]
[EventCountry "SUI"]
[SourceTitle "EXT 2025"]
[Source "ChessBase"]
[SourceDate "2024.10.14"]
[SourceVersion "1"]
[SourceVersionDate "2024.10.14"]
[SourceQuality "1"]

1. d4 Nf6 2. Nf3 g6 3. e3 Bg7 4. g3 d5 5. Bg2 Bg4 6. c4 Bxf3 7. Bxf3 c6 8. cxd5 cxd5 9. Nc3 e6 10. 0-0 Nc6 11. Bd2 0-0 12. Rc1 Qe7 13. a3 Rfc8 14. b4 a6 15. Na4 Nd7 16. Nc5 b5 17. Nxd7 Qxd7 18. h4 Ne7 19. Qb3 Nf5 20. Kg2 Nd6 21. Bc3 Ra7 22. Bb2 Rac7 23. Rxc7 Rxc7 24. Rh1 Qc8 25. Bd1 Nc4 26. Bc1 Nb6 1/2-1/2

[Event "Biel ATO 57th"]
[Site "Biel"]
[Date "2024.07.22"]
[Round "6"]
[White "Panda, Gyorgy"]
[Black "Ehrsam, Andreas"]
[Result "1-0"]
[WhiteElo "1713"]
[BlackElo "1793"]
[PlyCount "85"]
[EventDate "2024.07.16"]
[EventType "swiss"]
[EventRounds "9"]
[EventCountry "SUI"]
[SourceTitle "EXT 2025"]
[Source "ChessBase"]
[SourceDate "2024.10.14"]
[SourceVersion "1"]
[SourceVersionDate "2024.10.14"]
[SourceQuality "1"]

1. d4 d5 2. c4 e6 3. Nc3 Nf6 4. Nf3 Be7 5. Bf4 c6 6. e3 0-0 7. Bd3 Nbd7 8. e4 dxe4 9. Nxe4 Nxe4 10. Bxe4 Bb4+ 11. Bd2 Bxd2+ 12. Qxd2 Nf6 13. Bc2 b6 14. 0-0 Qc7 15. Rfd1 Bb7 16. Qg5 h6 17. Qe3 Rfd8 18. h3 Rac8 19. Rac1 Qe7 20. Bb3 Re8 21. Ba4 Qb4 22. Bb3 c5 23. a3 cxd4 24. Nxd4 Qc5 25. Bc2 Rcd8 26. b4 Qc7 27. Bd3 Qb8 28. c5 e5 29. Nf5 bxc5 30. bxc5 Bc6 31. Qg3 g6 32. Nxh6+ Kg7 33. Nf5+ Kf8 34. Nd6 Nh5 35. Qg5 Nf4 36. Qf6 Qc7 37. Nxe8 Rxe8 38. Bc4 Nxg2 39. Rd6 Rc8 40. Rcd1 Nf4 41. Rd8+ Be8 42. R1d7 Rxd8 43. Qh8# 1-0